| 000 | 01596nam a2200481 i 4500 | ||
|---|---|---|---|
| 001 | 14298 | ||
| 003 | KOSZ 005 | ||
| 005 | 20240405063021.0 | ||
| 008 | 070717s1972 pl a f 000 0 pol | ||
| 015 | _aPB 1972/2897 | ||
| 035 | _a991035097249705066 | ||
| 035 | _a(PL-WaBN)b19439258-48omnis_nlop | ||
| 035 | _ab19439258 | ||
| 035 | _a(OCoLC)839037290 | ||
| 035 | _a(PL)b0000001943925 | ||
| 035 | _a(EXLNZ-48OMNIS_NETWORK)9910315111905606 | ||
| 040 |
_aWA N _cWA N _dKOSZ 005/RW |
||
| 041 | 0 |
_apol _bfre |
|
| 046 | _k1972 | ||
| 080 | _a351.83:347](438) | ||
| 100 | 1 |
_aMalanowski, Andrzej _c(nauki prawne). _eAutor |
|
| 245 | 1 | 0 |
_aNadużycie prawa w pracowniczym stosunku pracy / _cAndrzej Malanowski. |
| 260 |
_aWarszawa : _bPaństwowe Wydawnictwo Naukowe, _c1972. |
||
| 300 |
_a239, [1] stron ; _c18 cm. |
||
| 336 |
_aTekst _btxt _2rdacontent |
||
| 337 |
_aBez urządzenia pośredniczącego _bn _2rdamedia |
||
| 338 |
_aWolumin _bnc _2rdacarrier |
||
| 380 | _aKsiążki | ||
| 388 | _a1901-2000 | ||
| 504 | _aBibliografia na stronach 227-234. | ||
| 546 | _aStreszczenie w języku francuskim. | ||
| 650 | 7 | _aNadużycie prawa | |
| 658 | _aPrawo i wymiar sprawiedliwości | ||
| 650 | 7 | _aPraca | |
| 648 | 7 |
_a1901-2000 _2DBN |
|
| 651 | 7 |
_aPolska _2DBN |
|
| 650 | 7 | _aPrawo | |
| 648 | 7 |
_a1945-1989 _2DBN |
|
| 710 | 2 |
_aPaństwowe Wydawnictwo Naukowe _4pbl. |
|
| 856 |
_uhttp://koha.tu.koszalin.pl/cgi-bin/koha/opac-detail.pl?biblionumber=14298 _yKatalog online BPK |
||
| 942 |
_2UKD _cKS |
||
| 999 |
_c14298 _d14298 |
||